| 000 | 00613nam a2200205 i 4500 | ||
|---|---|---|---|
| 001 | 107902 | ||
| 003 | ES-MaACL | ||
| 005 | 20230906184523.0 | ||
| 007 | t| | ||
| 008 | 061121s1971 sp r ||||1| spa d | ||
| 100 | 1 |
_aMolinero, César. _981995 |
|
| 245 | 1 | 3 |
_aLa intervención del estado en la prensa / _cCésar Molinero. |
| 260 |
_aBarcelona : _bDopesa, _c1971. |
||
| 300 |
_a340 p. ; _c18 cm. |
||
| 490 | 1 |
_aDocumento periodístico ; _v17 |
|
| 650 | 4 |
_aLibertad de prensa. _914413 |
|
| 830 | 0 |
_aDocumento periodístico ; _v17 _9182572 |
|
| 852 |
_aES-MaACL _jC-46558 _bR.77114 |
||
| 999 |
_c107902 _d107902 |
||